Acceptance sampling in quality control (Record no. 18281)

MARC details
000 -LEADER
fixed length control field 00557nam a22001817a 4500
008 - FIXED-LENGTH DATA ELEMENTS--GENERAL INFORMATION
fixed length control field 200317b xxu||||| |||| 00| 0 eng d
020 ## - INTERNATIONAL STANDARD BOOK NUMBER
International Standard Book Number 1498733571
040 ## - CATALOGING SOURCE
Original cataloging agency KABU
Transcribing agency KABU
050 ## - LIBRARY OF CONGRESS CALL NUMBER
Classification number TS156.4
Item number .S35 2017 c. 1
100 ## - MAIN ENTRY--PERSONAL NAME
Personal name Schilling, Edward G.
245 ## - TITLE STATEMENT
Title Acceptance sampling in quality control
Statement of responsibility, etc. Edward G. schilling and Dean V. Neubauer
260 ## - PUBLICATION, DISTRIBUTION, ETC. (IMPRINT)
Place of publication, distribution, etc. Boca Raton
Name of publisher, distributor, etc. CRC Press
Date of publication, distribution, etc. 2017
300 ## - PHYSICAL DESCRIPTION
Extent xl, 841 p.
650 ## - SUBJECT ADDED ENTRY--TOPICAL TERM
Topical term or geographic name as entry element Acceptance sampling
650 ## - SUBJECT ADDED ENTRY--TOPICAL TERM
Topical term or geographic name as entry element Sampling (Statistics)
700 ## - ADDED ENTRY--PERSONAL NAME
Personal name Neubauer, Dean V.
942 ## - ADDED ENTRY ELEMENTS (KOHA)
Source of classification or shelving scheme Library of Congress Classification
Koha item type General Collection
Classification part TS156.4
Holdings
Withdrawn status Lost status Source of classification or shelving scheme Not for loan Home library Current library Date acquired Cost, normal purchase price Total Checkouts Full call number Barcode Date last seen Copy number Price effective from Koha item type
    Library of Congress Classification   Kabarak, Main Campus Kabarak, Main Campus 17/03/2020 13287.00   TS156.4 .S35 2017 c. 1 028617 17/03/2020 c. 1 17/03/2020 General Collection
    Library of Congress Classification   Kabarak, Main Campus Kabarak, Main Campus 17/03/2020 13287.00   TS156.4 .S35 2017 c. 2 028618 17/03/2020 c. 2 17/03/2020 General Collection
    Library of Congress Classification   Kabarak, Nakuru City Campus Kabarak, Nakuru City Campus 17/03/2020 13287.00   TS156.4 .S35 2017 c. 1 028619 17/03/2020 c. 1 17/03/2020 General Collection
Designed with assistance from East African Informatics Ltd